Visualizzazione normale
Vista MARC
- O'Connor Sinead
di Personal Name
Records bibliografici associati: 2
001 - CONTROL NUMBER
- control field: 26754
003 - CONTROL NUMBER IDENTIFIER
- control field: IT-RoPau
005 - DATE AND TIME OF LATEST TRANSACTION
- control field: 20140524215224.0
008 - FIXED-LENGTH DATA ELEMENTS
- fixed length control field: 140524|| aca||aabn | a|a d
040 ## - CATALOGING SOURCE
- Original cataloging agency: IT-RoPau
- Transcribing agency: IT-RoPau
100 ## - HEADING--PERSONAL NAME
- Personal name: O'Connor Sinead
670 ## - SOURCE DATA FOUND
- Source citation: Work cat.: (IT-RoPau)101880: O'Connor Sinead, I Do Not Want What I Haven't Got